00587 am a2200169 a 450000500170000000800410001702000150005804100080007310000240008124500680010525001190017326000520029230000140034465300160035870000240037470000190039820220913183244.0100702s2001||||mx a f |||| 001 0 spa d a9701033884 aspa1 aBehrman, Richard E. aNelson. Tratado de Pediatría. T.1.cBehrman, Richard E.nT.1. a16a ed.bRevisión Técnica Angel Hernando Saudan ; María Jesús del Sol Jaquotot y Elena de Terán Bleiberg aMéxico : bMcGraw-Hill Interamericana,c2001. a1-1352 p. aPediatría1 aKliegman, Robert M.1 aJenson, Hal B.